=LDR 00000nam 2200000 4500 =001 INLIS000000000017525 =005 20130612112733 =008 ***********************************Ind** =035 ##$$0010-061300000017525 =041 ##$$a Ind =082 ##$$a 610.28 =090 ##$$a 610.28, Sud s =100 ##$$a Sudarto =245 ##$$a Sinopsis klinis, Soedarto =260 ##$$a 2002 $b Surabaya =300 ##$$a xii, 438 hlm, 21 cm =650 ##$$a Kedokteran-perawatan =850 ##$$a NBPNMAT